000
00228 a2200097 4500
001
49493
100
_a
Treble
245
_a
Tales of adventure imagination
260
_a
London
_b
Oxford university press
_c
090
_c
32024
_d
32024
942
_a
NUST-CAE
_c
M
_c
24475
999
_c
284566
_d
284566